Guess the business based on the abandoned building - Statistics

General Stats
  • This quiz has been taken 10 times
  • The average score is 2 of 6
Answer Stats
Picture Answer % Correct
Walmart
78%
Sears
33%
Lowe's
22%
Ruby Tuesday
11%
Shoney's
11%
Peebles
0%
No matching quizzes found
Score Distribution
Percent of People with Each Score
Percentile by Number Answered
Your Score History
You have not taken this quiz